000 00757nam a2200193 i 4500
001 21670
003 ES-MaACL
005 20250911063528.0
007 t|
008 021127s1951 sp ||||1| spa d
100 1 _aAlbiñana García-Quintana, César,
_d1920-2007
_919384
245 1 0 _aResponsabilidades patrimoniales tributarias /
_cCésar Albiñana García-Quintana ; con un estudio preliminar sobre Aseguramiento de créditos fiscales por Gabriel del Valle Alonso.
260 _aMadrid :
_bRevista de Derecho Privado,
_c[1951] (
_fPablo López)
300 _aXV, 237 p. ;
_c23 cm.
650 4 _aCrédito tributario-
_zEspaña.
_9165300
700 1 _aValle Alonso, Gabriel del.
_9112777
852 _aES-MaACL
_jC-9076
999 _c21670
_d21670